Statistiques concernant Seulement 20 Pays Sur la Carte du Monde #4

Cliquez ici pour prendre le quiz!

Statistiques générales

  • Ce quiz a été pris 657 fois
  • Le résultat moyen est 18 sur 20

Réponses sur la Carte

Les réponses sont colorées sur une échelle allant du rouge au vert en fonction du pourcentage des utilisateurs qui les ont devinées à leur premier essai. Vous pouvez retrouver ces pourcentages ci-dessous.
 

Statistiques - réponses

Pays% Correct
Canada
100%
Inde
98%
Italie
98%
Royaume-Uni
98%
Égypte
97%
Madagascar
97%
Portugal
97%
Cuba
95%
Paraguay
95%
Pérou
95%
Suisse
94%
Ukraine
94%
Irak
92%
Philippines
92%
Belgique
90%
Corée du Nord
89%
Syrie
89%
Honduras
84%
Gabon
75%
Ouganda
73%

Distribution des résultats

Percentile par nombre de réponses

% des personnes avec chaque résultat

Votre développement - résultats

Vous n’avez pas pris ce quiz